Hệ thống hóa các văn bản pháp luật về công tác thanh tra

Bewaard in:
Bibliografische gegevens
Hoofdauteur: Đào, Thanh Hải
Formaat: Boek
Taal:Undetermined
Gepubliceerd in: Hà Nội Lao động Xã hội 2004
Onderwerpen:
Tags: Voeg label toe
Geen labels, Wees de eerste die dit record labelt!
Thư viện lưu trữ: Trung tâm Học liệu Trường Đại học Cần Thơ
LEADER 00624nam a2200205Ia 4500
001 CTU_63602
008 210402s9999 xx 000 0 und d
020 |b 280000 
082 |a 352.35 
082 |b H103 
100 |a Đào, Thanh Hải 
245 0 |a Hệ thống hóa các văn bản pháp luật về công tác thanh tra 
245 0 |c Đào Thanh Hải 
260 |a Hà Nội 
260 |b Lao động Xã hội 
260 |c 2004 
650 |a Public administration,Hành chính công 
650 |z Vietnam 
904 |i Năm 
980 |a Trung tâm Học liệu Trường Đại học Cần Thơ